Central Library OPAC University of Rajshahi

Physiological psychology / (Record no. 28313)

MARC details
000 -LEADER
fixed length control field 00677nam a2200241 a 4500
001 - CONTROL NUMBER
control field 28313
003 - CONTROL NUMBER IDENTIFIER
rucl marc code UkOxU
005 - DATE AND TIME OF LATEST TRANSACTION
control field 20211209051250.0
008 - FIXED-LENGTH DATA ELEMENTS--GENERAL INFORMATION
fixed length control field 140330r19131905enk 001 0 eng d
035 ## - SYSTEM CONTROL NUMBER
System control number (BD-RjUL)28394
040 ## - CATALOGING SOURCE
Original cataloging agency BD-RjUL
Language of cataloging eng
Transcribing agency BD-RjUL
041 ## - LANGUAGE CODE
Language code of text/sound track or separate title eng
082 04 - DEWEY DECIMAL CLASSIFICATION NUMBER
Classification number 152
Author mark and year MCO 1913
100 1# - MAIN ENTRY--PERSONAL NAME
Personal name McDougall, William,
Dates associated with a name 1871-1938.
9 (RLIN) 86718
245 10 - TITLE STATEMENT
Title Physiological psychology /
Statement of responsibility, etc. by W. McDougall
260 ## - PUBLICATION, DISTRIBUTION, ETC. (IMPRINT)
Place of publication, distribution, etc. London :
Name of publisher, distributor, etc. Temple,
Date of publication, distribution, etc. 1905 [Reprinted 1913].
300 ## - PHYSICAL DESCRIPTION
Pagination viii, 172 p. :
Illustrations ill. ;
Size 15 cm
490 1# - SERIES STATEMENT
Series statement Temple primers
504 ## - BIBLIOGRAPHY, ETC. NOTE
Bibliography, etc Includes index
650 #0 - SUBJECT ADDED ENTRY--TOPICAL TERM
Topical term or geographic name as entry element Psychophysiology
9 (RLIN) 86719
830 #0 - SERIES ADDED ENTRY--UNIFORM TITLE
Uniform title Temple primers
942 ## - ADDED ENTRY ELEMENTS (KOHA)
Source of classification or shelving scheme Dewey Decimal Classification
Koha item type Rare Books
Holdings
Lost status Source of classification or shelving scheme Damaged status Not for loan Collection code Permanent Location Current Location Shelving location Date acquired Source of acquisition Total Checkouts Full call number Date last seen Copy number Koha item type
  Dewey Decimal Classification   Not For Loan Non-fiction Central Library, University of Rajshahi Central Library, University of Rajshahi Rare Book Section 25/04/1966 Australia Gov. Gift   RA 152 MCP 1913 30/03/2014 C-1 Rare Books